| 000 | 00399 a2200145 4500 | ||
|---|---|---|---|
| 001 | ART_27669 | ||
| 005 | 20260410161626.0 | ||
| 008 | 260409a | ||
| 245 | 1 | 0 | _aAdopción de las NIIF en Argentina |
| 100 | 1 | _aDíaz, Teresa | |
| 700 | 1 | _aSuardi, Diana | |
| 700 | 1 | _aBertolino, Gisela | |
| 700 | 1 | _aRomero, Cristian Javier | |
| 773 | 0 |
_tEnfoques _g- Nº 11 (nov. 2014) _wREV416 |
|
| 999 |
_c12016 _d12016 |
||